00640nam a22001817a 45000050016000000100028000160200031000440200034000750350027001090370013001360820015001491000020001642450120001842600036003042700043003403000025003835000050004082010072400340.0 aENG-96462 B-446465-469 a8125029869c650.00 675.00 a9788125029861c650.00 675.00 aEN-79995 B-446465-469 bDBAD/PUB a362.196998 aStaples, James  aPeculiar people, amazing lives :bleprosy, social exclusion and community making in South India /cby James Staples aNew DelhibOrient Longmanc2007 a1/24, Asaf Ali RoadbNew Delhie110002 axv, 290p.c23cm.(Hb) aincludes bibliographical references and index